Φυσική στερεάς κατάστασης

Αποθηκεύτηκε σε:
Λεπτομέρειες βιβλιογραφικής εγγραφής
Κύριος συγγραφέας: Ashcroft, Neil W.
Άλλοι συγγραφείς: Mermin, N. David
Μορφή: Βιβλίο
Γλώσσα:Greek
English
Δημοσίευση: Αθήνα : Α. Γ. Πνευματικός, c2012.
Θέματα:
Ετικέτες: Προσθήκη ετικέτας
Δεν υπάρχουν, Καταχωρήστε ετικέτα πρώτοι!

MARC

LEADER 00000cam a2200000 a 4500
001 1/122504
008 210120s2012####gr | ||| |||| ||gre||
020 |a 9789607258779 
040 |a GR-MyUa  |b gre  |c GR-MyUa  |e AACR2 
041 1 |a gre  |h eng 
082 7 |a 530.41   |2 (23) 
100 1 |a Ashcroft, Neil W. 
245 1 0 |a Φυσική στερεάς κατάστασης /   |c Neil W. Ashcroft, N. David Mermin ; μετάφραση, επιμέλεια Ματθαίος Καμαράτος. 
260 |a Αθήνα :   |b Α. Γ. Πνευματικός,   |c c2012. 
300 |a xxi, 886 σ. ;   |c 24 εκ. 
504 |a Περιλαμβάνει βιβλιογραφικές παραπομπές. 
650 0 |a Solids. 
700 1 |a Mermin, N. David. 
765 0 8 |i Μετάφραση του:   |t Solid state physics /  
852 |a INST  |b SYROS  |c EUDOXUS  |e 20210120  |h 530.41 ASH  |p 005500014523  |q 005500014523  |t EDX  |y 0 
920 |a Εύδοξος  |b Παραγγελία  |y Σύρος-ΤΜΣΠΣ  |z 2021-01 
970 |a Κοντού  |b Παρασκευή  |z 20/01/2021